000 00319nam a22001457a 4500
008 210518b ||||| |||| 00| 0 eng d
020 _a2901111301551
041 _aeng
080 _29th
_a159.9
082 _a159.9
100 _a48
101 _aPSI
245 _aPsychology
_cDouglas A. Bernstein
942 _2udc
_cBK
999 _c57441
_d57441